Prognózy vývoja cien nehnuteľností na bývanie v prostredí krátkych časových radov

Salvato in:
Dettagli Bibliografici
Autore principale: Karšay, Alexander, 1983-
Natura: Capitolo di libro
Lingua:slovacco
Tags: Aggiungi Tag
Nessun Tag, puoi essere il primo ad aggiungerne!!

MARC

LEADER 00000nla a2200000 4500
001 0200305
005 20240502073404.6
041 0 |a slo 
044 |a SK 
245 1 0 |a Prognózy vývoja cien nehnuteľností na bývanie v prostredí krátkych časových radov  |c Alexander Karšay 
100 1 |a Karšay, Alexander, 1983-